000 00739cam a2200289 4500
001
008 090401t1998 xxu||||| |||| 00| 0 eng d
020 _a1860812376
035 _a(Sirsi) u99811
041 _aeng
100 _aGarvin, S.L.
245 _aImpact of climate change in building.
260 _aGarston, Watford
_bBuilding Research Establishment
_c1998
300 _a42p. ; 30cm.
350 _a20.00
490 _aBR
_v349
650 _aCLIMATE CHANGE
650 _aBUILDING REGULATIONS
_96224
650 _aCONSTRUCTION INDUSTRY
690 _aBUILT ENVIRONMENT
700 _aPhilipson, M.C.
700 _aSanders, C.H.
700 _aHayles, C.S.
700 _aDow, G.T.
942 _n0
948 _c01/04/1999
999 _c99469
_d99469